00882nam a2200229Ia 4500003000900000008004100009020001800050040001600068080002200084111006900106245021200175260006100387300001500448490003400463650001500497650002300512650002300535700001100558700002000569700002100589710004200610IN-BaIIA211028s9999 xx 000 0 eng d a1-58381-131-1 cIIA Library a082.2:52bASP-288 aWorkshop on Stellar Atmosphere ModelingcGermanyd2002 Apr. 8-12 0aStellar atmosphere modelingbproceedings of an International workshop held in Tubingen, Germany, 8-12 Apr 2002cedited by I. Hubeny, D. Mihalas and K. Werner  aSan FranciscobAstronomical Society of the Pacificc2003 axxv, 697p. aASP conference series; v. 288 aCool stars aRadiative transfer aStellar atmosphere a., ed. aHubeny, I., ed. aMihalas, D., ed. aAstronomical Society of the PacificĀ